| 000 | 01536cam a22003253a 4500 | ||
|---|---|---|---|
| 001 | 7885 | ||
| 003 | PGUSA | ||
| 005 | 20140828083150.0 | ||
| 008 | 050401s2005||||xxu|||||s|||||000 | eng d | ||
| 040 |
_aPGUSA _beng |
||
| 042 | _adc | ||
| 050 | 4 | _aPZ | |
| 245 | 1 | 0 |
_aCeltic Fairy Tales _h[electronic resource] |
| 260 |
_bProject Gutenberg, _c2005 |
||
| 505 | 0 | _aConnla and the fairy maiden -- Guleesh -- The field of boliauns -- The horned women -- Conall Yellowclaw -- Hudden and Dudden and Donald O'Neary -- The shepherd of Myddvai -- The sprightly tailor -- The story of Deirdre -- Munachar and Manachar -- Gold-tree and silver-tree -- King O'Toole and his goose -- The wooing of Olwen -- Jack and his comrades -- The Shee an Gannon and the Gruagach Gaire -- The story-teller at fault -- The sea-maiden -- A legend of Knockmany -- Fair, brown, and trembling -- Jack and his master -- Beth Gellert -- The tale of Ivan -- Andrew Coffey -- The battle of the birds -- Brewery of eggshells -- The lad with the goat-skin. | |
| 506 | _aPublic domain in the USA. | ||
| 516 | _aElectronic text | ||
| 653 | _aFairy tales | ||
| 653 | _aFairy tales -- Great Britain | ||
| 653 | _aFolklore -- Ireland | ||
| 653 | _aFolklore -- Great Britain | ||
| 653 | _aTales -- Ireland | ||
| 653 | _aTales -- Great Britain | ||
| 653 | _aCelts -- Folklore | ||
| 653 | _aFairy tales -- Ireland | ||
| 700 | 1 |
_aJacobs, Joseph, _d1854-1916 |
|
| 830 | 0 |
_aProject Gutenberg _v7885 |
|
| 856 | 4 | 0 | _uhttp://www.gutenberg.org/ebooks/7885 |
| 942 | _cEB | ||
| 999 |
_c237185 _d237185 |
||